Rosco de Pasapalabra #48 - Estadísticas

Estadísticas generales
  • Esta prueba ha sido intentada 318 veces
  • La puntuación promedio es 13 de 25
Estadísticas de respuestas
Inicial Definición Respuesta % Correcto
A Cada uno de los vasos que llevan la sangre desde el corazón a las distintas partes del cuerpo Arteria
96%
B Pelo que nace en la cara, desde la zona situada ante las orejas hasta el arranque del cuello Barba
91%
F Se dice del día señalado oficialmente para el descanso por celebrarse una fiesta solemne Festivo
90%
E Línea clara que aparece en la piel debido a un estiramiento excesivo Estría
85%
N Alcaloide muy venenoso que existe en el tabaco Nicotina
85%
I Sentimiento de indignación que causa enojo y suele acompañarse de una actitud violenta Ira
84%
R Utensilio de cocina compuesto de una chapa de metal llena de agujerillos, que sirve para desmenuzar el queso Rallador
79%
Contiene la Ñ Disputa, pelea Riña
79%
T Expresar en un idioma una cosa dicha o escrita originariamente en otro Traducir
74%
D Presentarse una compañía teatral o un artista por primera vez ante el público Debutar
73%
J Voz inglesa que designa el periférico en forma de palanca, usado en ordenadores y máquinas de videojuegos Joystick
60%
H Elaborar o fabricar algo con una forma o cualidad concreta Hacer
58%
C Que tiene afán excesivo de riquezas Codicioso
56%
Contiene la X Concavidad que forma el arranque del brazo con el cuerpo Axila
49%
S Conjunto de síntomas de una enfermedad Sintomatología
46%
L Cualidad de mortífero Letalidad
44%
Z Ruido seco y continuado, generalmente desagradable Zumbido
42%
O Proporción de octano presente en los distintos combustibles para motores de combustión interna Octanaje
26%
V Artista principal de un espectáculo de variedades Vedete
22%
Contiene la Q Comienzo de una acción Arranque
21%
U Que se mantiene igual, o con parecidas características, en el tiempo o en el espacio Uniforme
17%
G Estadio cultural del Paleolítico superior en el que resultan significativas las estatuillas femeninas o venus Gravetiense
3%
M Mariposa de zonas templadas del hemisferio norte, de alas pardas, bordeadas de amarillo y con manchas azules Morio
1%
P Apellido del geógrafo que, con Eduard Brückner, identificó en los Alpes los cuatro periodos de glaciaciones Penck
1%
Contiene la Y Título del álbum de James Brown, publicado en 1974, que incluye la canción “Funky President (People It's Bad)" Reality
1%
No se encontraron pruebas coincidentes
Distribución de puntuación
Porcentaje de gente con cada puntuación
Porcentaje por número respondido
Historial de tus puntuaciones
No has intentado esta prueba.